000 00452nam a2200169Ia 4500
008 220216s9999 xx 000 0 und d
100 _aKlasek A
245 0 _aEfficiency of some novel carbon black/rubber coupling agents
260 _bJournal of Applied Polymer Science
_c1996
300 _a1137-1146
650 _aCarbon black
650 _aRubber coupling agent
700 _aCurik R
700 _aKafka S
700 _aSpacek J
942 _cJS
999 _c58421
_d58421